Harmsworth history of the world, Vol.-15, North America : The Polar Regions : Triumph of the Mind of Man : General Indexes :: (Record no. 23391)

MARC details
000 -LEADER
fixed length control field 00993cam a2200241u 4500
001 - CONTROL NUMBER
control field 7886822
003 - CONTROL NUMBER IDENTIFIER
control field BDDh-ASL
005 - DATE AND TIME OF LATEST TRANSACTION
control field 20231015030231.0
008 - FIXED-LENGTH DATA ELEMENTS--GENERAL INFORMATION
fixed length control field 821213m19071909enkabc 000 0 eng
010 ## - LIBRARY OF CONGRESS CONTROL NUMBER
LC control number 48038661
040 ## - CATALOGING SOURCE
Original cataloging agency DLC
Transcribing agency CarP
Modifying agency DLC
-- BDDh-ASL
050 00 - LIBRARY OF CONGRESS CALL NUMBER
Classification number D20
Item number .M5
082 ## - DEWEY DECIMAL CLASSIFICATION NUMBER
Classification number 909
Item number HAR
100 1# - MAIN ENTRY--PERSONAL NAME
Personal name Mee, Arthur,
Dates associated with a name 1875-1943,
Relator term ed.
245 10 - TITLE STATEMENT
Title Harmsworth history of the world, Vol.-15, North America : The Polar Regions : Triumph of the Mind of Man : General Indexes ::
Remainder of title Written by the Foremost Historians of our Time and Illustrated with Upwards of 8,000 Pictures/
260 ## - PUBLICATION, DISTRIBUTION, ETC.
Place of publication, distribution, etc. London :
Name of publisher, distributor, etc. Carmelite House,
Date of publication, distribution, etc. 1907-09.
-- 1914.
300 ## - PHYSICAL DESCRIPTION
Extent 6011-6556 p. :
Other physical details illus. (part col.) ports., maps (part fold. col.)
Dimensions 25 cm.
650 #0 - SUBJECT ADDED ENTRY--TOPICAL TERM
Topical term or geographic name entry element World history.
700 1# - ADDED ENTRY--PERSONAL NAME
Personal name Hammerton, John Alexander,
Titles and other words associated with a name Sir,
Dates associated with a name 1871-1949,
Relator term joint ed.
700 1# - ADDED ENTRY--PERSONAL NAME
Personal name Innes, Arthur D.
Fuller form of name (Arthur Donald),
Dates associated with a name 1863-1938,
Relator term joint ed.
906 ## - LOCAL DATA ELEMENT F, LDF (RLIN)
a 0
b cbc
c premunv
d u
e ncip
f 19
g y-gencatlg
942 ## - ADDED ENTRY ELEMENTS (KOHA)
Source of classification or shelving scheme Dewey Decimal Classification
Koha item type Books
Holdings
Withdrawn status Lost status Source of classification or shelving scheme Damaged status Not for loan Collection code Home library Current library Shelving location Date acquired Source of acquisition Serial Enumeration / chronology Total Checkouts Full call number Barcode Date last seen Copy number Price effective from Koha item type Public note
    Dewey Decimal Classification Damaged Not For Loan Non-fiction Asiatic Society Library Asiatic Society Library General Stacks 03/24/2021 ASB Library Collections V-15   909 HAR 107812 03/24/2021 C-1 03/24/2021 Books RARE

Powered by Koha